Αναζητώντας τον Χίτλερ

"Τα βιβλία της ιστορίας μας πληροφορούν ότι ο Αδόλφος Χίτλερ και η μόλις 36 ωρών σύζυγός του αυτοκτόνησαν στις 30 Απριλίου 1945, στο υπόγειο καταφύγιο της γερμανικής καγκελαρίας, στην καρδιά του Βερολίνου. Παρ' όλα αυτά, ορισμένοι υποστηρίζουν ότι ο Χίτλερ σκηνοθέτησε την αυτοκτονία του κ...

Πλήρης περιγραφή

Αποθηκεύτηκε σε:
Λεπτομέρειες βιβλιογραφικής εγγραφής
Συγγραφή απο Οργανισμό/Αρχή: National Geographic Television
Μορφή: Διαφάνειες
Γλώσσα:English
Δημοσίευση: [Χ.τ.] : National Geographic Television, c2009
Θέματα:
Ετικέτες: Προσθήκη ετικέτας
Δεν υπάρχουν, Καταχωρήστε ετικέτα πρώτοι!

MARC

LEADER 00000cgm a2200000 i 4500
001 1/15126
008 110922s2009 ||| eng
035 |l 10110851 
040 |a GR-MY-UA  |b gre  |e aacr 
041 0 |a eng 
082 0 |a 923  |2 (22) 
245 1 0 |a Αναζητώντας τον Χίτλερ  |h [μαγνητοσκόπηση] 
260 |a [Χ.τ.] :   |b National Geographic Television,   |c c2009 
300 |a 1 βιντεοδίσκος (50 λεπτ.);  |b ομίλ., έγχρ.;  |c 4 3/4 ίν. 
500 |a Στα αγγλικά με ελληνικούς υπότιτλους 
508 |a Εκτέλεση παραγωγής: John Mernit, παραγωγή-σενάριο: Clare Nolan, μοντάζ: Abehjha Kibuuka 
520 |a "Τα βιβλία της ιστορίας μας πληροφορούν ότι ο Αδόλφος Χίτλερ και η μόλις 36 ωρών σύζυγός του αυτοκτόνησαν στις 30 Απριλίου 1945, στο υπόγειο καταφύγιο της γερμανικής καγκελαρίας, στην καρδιά του Βερολίνου. Παρ' όλα αυτά, ορισμένοι υποστηρίζουν ότι ο Χίτλερ σκηνοθέτησε την αυτοκτονία του και διέφυγε στην Αργεντινή. Το FBI ακολουθούσε για πολλά χρόνια αποπροσανατολιστικά ίχνη. Οι Ρώσοι στρατιώτες που ισχυρίζονταν ότι ανακάλυψαν το πτώμα του είπαν ότι το αποτέφρωσαν και πέταξαν τα απομεινάρια σ' έναν υπόνομο του Βερολίνου. Χωρίς πτώμα, λοιπόν, πώς θα μπορούσε κανείς να είναι βέβαιος για την τύχη αυτού του ανθρώπου;". - Περίληψη από τη θήκη 
600 1 0 |a Hitler, Adolf,   |d 1889-1945. 
650 0 0 |a Documentary films. 
650 0 0 |a Heads of state  |z Germany  |x Biography. 
650 0 0 |a World War, 1939-1945  |z Germany. 
710 1 |a National Geographic Television. 
852 |a INST  |b SYROS  |c AV  |e 20110922  |h 923 ΑΝΑ  |p 005500009716  |q 005500009716  |t DVD  |y 23 
901 |a BIBL5-2008-1 
909 |a Ε  |b 169615 
970 |a ΚΟΝΤΟΥ  |b ΠΑΡΑΣΚΕΥΗ  |z 2011/09/22